Tilastot visalle Kuuluisat Etunimet #4

Klikkaa tästä pelataksesi tätä visaa!

Yleistilastot

  • Tätä visaa on pelattu 113 kertaa
  • Keskiarvotulos 13 / 18

Vastaustilastot

EtunimiKuuluisat sukunimet% Oikein
MikaKaurismäki, Waltari, Kallio
96%
JanneAhonen, Niinimaa, Kataja
91%
JuttaUrpilainen, Gustafsberg, Zilliacus
88%
PetteriKoponen, Nummelin, Orpo
87%
AlexanderStubb, Nevsky, Dubček
81%
PetriNygård, Walli, Liski, Pakaslahti
81%
EvaWahlström, Braun, Peron
80%
AnnePohtamo, Frank, Boleyn
79%
ErkkiLiikanen, Tuomioja, Toivanen
77%
KaritaTykkä (os. Tuomola), Mattila
71%
AinoAckté, Kallas, Sibelius, Aalto
69%
TanjaKarpela, Kylliäinen, Poutiainen
69%
JaakkoHämeen-Anttila, Teppo, Kolmonen
62%
OskariKatajisto, Korpikari, Tokoi
57%
SaaraAalto, Soisalo, Cantell
56%
JuliaVuori, Roberts, Louis-Dreyfus
51%
MarjattaRaita, Kallio, Metsovaara
36%
AugustStrindberg, Ahlqvist, Eskelinen
34%

Tulosjakauma

Persentiili vastausten määrän mukaan

Jokaisen tuloksen saaneiden osuus

Tuloshistoriasi

Et ole pelannut tätä visaa